Vista normal
Vista MARC
Entrada Personal Name
Número de registros utilizados en: 2
001 - CONTROL NUMBER
- control field: 17373
003 - CONTROL NUMBER IDENTIFIER
- control field: DLC
005 - DATE AND TIME OF LATEST TRANSACTION
- control field: 20250820092428.0
008 - FIXED-LENGTH DATA ELEMENTS
- fixed length control field: 840117n| azannaabn |n aaa
010 ## - LIBRARY OF CONGRESS CONTROL NUMBER
- LC control number: n 82241822
035 ## - SYSTEM CONTROL NUMBER
- System control number: (OCoLC)oca01061927
040 ## - CATALOGING SOURCE
- Original cataloging agency: DLC
- Language of cataloging: spa
- Description conventions: rda
- Transcribing agency: Mx-PuUPA
- Modifying agency: DLC
- Modifying agency: MdRoLAC
- Modifying agency: Mx-PuUPA
046 ## - SPECIAL CODED DATES
- Birth date: 19431210
- Source of date scheme: edtf
100 1# - HEADING--PERSONAL NAME
- Personal name: Edwards, Denis,
- Dates associated with a name: 1943-
372 ## - FIELD OF ACTIVITY
- Field of activity: Teología
- Source of term: lcsh
373 ## - ASSOCIATED GROUP
- Associated group: Universidad Católoca de América
- Source of term: naf
374 ## - OCCUPATION
- Occupation: Profesor universitario
- Occupation: Educadores religiosos
- Occupation: Autor
- Source of term: lcsh
375 ## - GENDER
- Gender: hombre
- Source of term: lcdgt
377 ## - ASSOCIATED LANGUAGE
- Language code: eng
670 ## - SOURCE DATA FOUND
- Source citation: His Human experience of God, c1983:
- Information found: t.p. (Denis Edwards) p. 4 of cover (D. Th., Catholic Univ. of America; theology teacher in South Australia)
670 ## - SOURCE DATA FOUND
- Source citation: His What are they saying about salvation?, c1986:
- Information found: CIP t.p. (Denis Edwards) data sheet (b. 12-10-43)